Do you need a mission statement ? : special report No 1208
Αποθηκεύτηκε σε:
| Κύριος συγγραφέας: | |
|---|---|
| Άλλοι συγγραφείς: | |
| Μορφή: | Βιβλίο |
| Γλώσσα: | English |
| Δημοσίευση: |
London :
The economist,
1990
|
| Σειρά: | Economist Publications management guides ;
; Special report No 1208 |
| Θέματα: | |
| Ετικέτες: |
Προσθήκη ετικέτας
Δεν υπάρχουν, Καταχωρήστε ετικέτα πρώτοι!
|
MARC
| LEADER | 00000nam a2200000 i 4500 | ||
|---|---|---|---|
| 001 | 1/21758 | ||
| 008 | 960709s1990 eng d | ||
| 020 | |a 0-85058-406-X | ||
| 035 | |l 10021771 | ||
| 040 | |a GR-MY-UA |b gre |e aacr | ||
| 041 | 0 | |a eng | |
| 082 | 0 | |a 658 | |
| 100 | 1 | |a Campbell, Andrew. | |
| 245 | 1 | 0 | |a Do you need a mission statement ? : |b special report No 1208 / |c Andrew Campbell, Sally Yeung |
| 260 | |a London : |b The economist, |c 1990 | ||
| 300 | |a 148 p. | ||
| 490 | 1 | |a Economist Publications management guides |v ; Special report No 1208 | |
| 650 | 0 | 0 | |a Corporate culture. |
| 650 | 0 | 0 | |a Management. |
| 700 | 1 | |a Yeung, Sally. | |
| 830 | 0 | |a Economist Publications management guides ; |v ; Special report No 1208 | |
| 852 | |a INST |b CHIOS |e 19960709 |h 658 CAM |p 005200001517 |q 005200001517 |t BK |y 0 | ||
| 909 | |a Χ |b 042177 | ||